000 01359nam a2200349 a 4500
001 ebr10236833
003 CaPaEBR
006 m u
007 cr cn|||||||||
008 080903s2003 enka sb 001 0 eng d
020 _z9781859573815
020 _z9781847351784
020 _z1859573819
040 _aCaPaEBR
_cCaPaEBR
035 _a(OCoLC)560577779
050 1 4 _aTP156.E6
_bA53 2003eb
100 1 _aAnderson, Christopher D.
245 1 0 _aEmulsion polymerisation and latex applications
_h[electronic resource] /
_cC.D. Anderson and E.S. Daniels.
260 _aShawbury, U.K. :
_bRapra Technology,
_c2003.
300 _a146 p. :
_bill.
490 1 _aRapra review reports. Report 160,
_x0889-3144 ;
_vv. 14, no. 4
504 _aIncludes bibliographical references and index.
533 _aElectronic reproduction.
_bPalo Alto, Calif. :
_cebrary,
_d2011.
_nAvailable via World Wide Web.
_nAccess may be limited to ebrary affiliated libraries.
650 0 _aEmulsions.
650 0 _aPolymers.
650 0 _aLatex, Synthetic.
655 7 _aElectronic books.
_2local
700 1 _aDaniels, Eric S.,
_d1955-
710 2 _aebrary, Inc.
830 0 _aRapra review reports.
_nReport 160 ;
_vv. 14, no. 4.
856 4 0 _uhttp://site.ebrary.com/lib/rucke/Doc?id=10236833
_zAn electronic book accessible through the World Wide Web; click to view
999 _c37103
_d37103